| 000 | 01464nam a22002297a 4500 | ||
|---|---|---|---|
| 001 | sjds170036 | ||
| 003 | sjds | ||
| 005 | 20170520114851.0 | ||
| 008 | 170520b pr||||| |||| 00| 0 spa d | ||
| 020 | _a9781563282430 (pbk.) | ||
| 020 | _a1563282437 (pbk.) | ||
| 040 | _csjds | ||
| 041 | _aspa | ||
| 100 | _aBallester, Irma | ||
| 245 |
_aEl placer de leer y escribir : _bcuaderno de actividades de redacción / _cIrma Ballester [and others]. |
||
| 260 |
_aSan Juan, P.R. : _bEditorial Plaza Mayor, _c2003. |
||
| 300 |
_a426 pages : _billustrations ; _c27 cm |
||
| 500 | _a"Puerto Rico, HispanoAmérica, España" -- cover. | ||
| 500 | _a"Este cuaderno responde directamente a la antología de lecturas: El placer de leer y escribir."--Page 11. | ||
| 505 | 0 | _aSe aprende a escribir leyendo -- La redacción: un proceso continuo -- Cuento: Puerto Rico: José Luis González, Magali García Ramis, Edwin Figueroa, Carmen Lugo Filippi, Juan Antonio Ramos, Edgardo Sanabria Santaliz, Mayra Santos Febres, Loreina Santos Silva. Hispanoamérica. España -- Ensayo: Puerto Rico: Kalman Barsy, Tomás Blanco, Nemesio Canales, Rafael Castro Pereda, José de Diego, Ramón A. Cruz, Rosario Ferré, Magali García Ramis, Luis Rafael Sánchez, Salvador Tió, Carmen Dolores Hernández, Ana Lydia Vega. Hispanoamérica. España -- Poesía -- Actividades generales de poesía -- Drama: Puerto Rico: Alejandro Tapia y Rivera. Hispanoamérica. España. | |
| 942 | _cBK | ||
| 999 |
_c17316 _d17316 |
||